Normale Ansicht MARC-Ansicht ISBD

Zwischen Empire und Parlament : (Titelsatznr. 9235)

[ MARC ]
MARC-Details
000 -Satzkennung
Kontrollfeld mit fester Länge 00778nam a22002531c 4500
001 - Kontrollnummer
Kontrollfeld 00007190506
008 - Feld mit fester Länge zur physischen Beschreibung - Allgemeine Angaben
Kontrollfeld mit fester Länge 051003s1987 gw |||| 000u ger d
020 ## - Internationale Standardbuchnummer
Internationale Standardbuchnummer 3525363036
Verknüpfung 3-525-36303-6
041 ## - Sprachcode
Sprachcode des Textes/der Tonspur oder des separaten Titels ger
040 ## - Katalogisierungsquelle
Übertragungsstelle RU-10907106
003 - Kontrollnummer Identifier
Kontrollfeld RU-10907106
100 1# - Haupteintragung - Personenname
Personenname Reifeld, Helmut
245 00 - Titel
Titel Zwischen Empire und Parlament :
Zusatz zum Titel zur Gedankenbildung u. Politik Lord Roseberys (1880 - 1905)
264 ## - Produktion, Veröffentlichung, Distribution, Herstellung und Urheberrechtsvermerk
Herstellungs-, Veröffentlichungs- Vertriebs-, Erzeugungsort Göttingen u.a. :
Produzent, Herausgeber, Distributor, Hersteller Vandenhoeck & Ruprecht,
Datum der Herstellung, der Veröffentlichung, des Vertriebs oder des Urheberschutzvermerks 1987
300 ## - Physische Beschreibung
Umfang 228 S.
490 #0 - Gesamttitelangabe
Gesamttitelangabe Veröffentlichungen des Deutschen Historischen Instituts in London
Bandnummer/Folgebezeichnung 18
600 #0 - Nebeneintragung unter einem Schlagwort - Personenname
Personenname Rosebery, Archibald Philip Primrose
648 #0 - Nebeneintragung unter einem Schlagwort - Zeitschlagwort
Zeitschlagwort 1880-1905
650 #0 - Nebeneintragung unter einem Schlagwort - Sachschlagwort
Sachschlagwort oder geografischer Name als Eintragungselement Außenpolitik
650 #0 - Nebeneintragung unter einem Schlagwort - Sachschlagwort
Sachschlagwort oder geografischer Name als Eintragungselement Politik
650 #0 - Nebeneintragung unter einem Schlagwort - Sachschlagwort
Sachschlagwort oder geografischer Name als Eintragungselement Politisches Denken
651 #0 - Nebeneintragung unter einem Schlagwort - Geografischer Name
Geografischer Name Großbritannien
942 ## - Zusätzliche Felder (Koha)
Koha-Medientyp Monographien
Exemplare
Ausgeschieden Verloren Klassifikation oder Aufstellungssystematik Beschädigt Nicht entleihbar Heimatbibliothek Aufenthaltsbibliothek Aufstellungsort Erwerbungsdatum Inventarnummer Signatur Barcode Letzte Aktivität Preis gültig von Koha-Medientyp
    Andere/Generische Klassifikation     MWN Osteuropa MWN Osteuropa Lesesaal - 1 03/10/2005 05-04336 W 54 D eh Rei E004015078F68CB7 22/02/2021 22/03/2021 Monographien